[Event "7th Arber Senior Cup"]
[Site "chess24.com"]
[Date "2019.08.03"]
[Round "8"]
[White "Zwetz, Anita"]
[Black "Schmidt, Matthias"]
[Result "1/2-1/2"]
[Board "17"]
[WhiteElo "1828"]
[WhiteCountry "GER"]
[WhiteFideId "4613244"]
[WhiteEloChange "3"]
[BlackElo "1949"]
[BlackCountry "GER"]
[BlackFideId "4693043"]
[BlackEloChange "-3"]

1. d4 {[%clk 2:10:57]} e6 {[%clk 2:10:27]} 2. Nf3 {[%clk 2:11:10]} f5 {[%clk
2:10:13]} 3. Bg5 {[%clk 2:11:15]} Nf6 {[%clk 2:09:58]} 4. e3 {[%clk 2:11:03]} Be7
{[%clk 2:09:15]} 5. Ne5 {[%clk 2:06:18]} O-O {[%clk 2:06:40]} 6. Bc4 {[%clk
1:54:18]} d6 {[%clk 2:00:46]} 7. Nd3 {[%clk 1:54:39]} d5 {[%clk 1:54:38]} 8. Bb3
{[%clk 1:53:10]} Ne4 {[%clk 1:46:18]} 9. Bxe7 {[%clk 1:52:35]} Qxe7 {[%clk
1:46:46]} 10. c4 {[%clk 1:49:51]} c6 {[%clk 1:46:27]} 11. Nd2 {[%clk 1:49:54]}
Bd7 {[%clk 1:39:54]} 12. Qe2 {[%clk 1:37:44]} Be8 {[%clk 1:37:26]} 13. h4 {[%clk
1:22:33]} Nd7 {[%clk 1:33:58]} 14. Rh3 {[%clk 1:13:07]} Ndf6 {[%clk 1:31:00]} 15.
f3 {[%clk 1:05:06]} Nxd2 {[%clk 1:29:02]} 16. Qxd2 {[%clk 1:05:19]} Kh8 {[%clk
1:27:42]} 17. Ne5 {[%clk 1:00:56]} Nd7 {[%clk 1:25:17]} 18. Nxd7 {[%clk 0:53:19]}
Qxd7 {[%clk 1:24:35]} 19. O-O-O {[%clk 0:53:09]} Bh5 {[%clk 1:20:05]} 20. Rg1
{[%clk 0:47:36]} Rad8 {[%clk 1:15:07]} 21. Qc3 {[%clk 0:43:41]} Rf6 {[%clk
1:08:37]} 22. g4 {[%clk 0:43:11]} fxg4 {[%clk 1:08:57]} 23. fxg4 {[%clk 0:43:39]}
Bg6 {[%clk 1:08:42]} 24. Bc2 {[%clk 0:41:11]} Bxc2 {[%clk 1:07:58]} 25. Qxc2
{[%clk 0:41:27]} Rdf8 {[%clk 1:07:57]} 26. Rh2 {[%clk 0:40:30]} Rf1+ {[%clk
1:02:47]} 27. Rxf1 {[%clk 0:40:54]} Rxf1+ {[%clk 1:03:05]} 28. Kd2 {[%clk
0:41:18]} Qc7 {[%clk 0:56:22]} 29. Kd3 {[%clk 0:38:48]} dxc4+ {[%clk 0:53:30]}
30. Kxc4 {[%clk 0:38:58]} Qd6 {[%clk 0:51:59]} 31. Kd3 {[%clk 0:30:56]} e5 {[%clk
0:43:34]} 32. Qe2 {[%clk 0:30:06]} e4+ {[%clk 0:38:32]} 33. Kc3 {[%clk 0:29:11]}
Qf6 {[%clk 0:34:10]} 34. g5 {[%clk 0:25:53]} Qf5 {[%clk 0:32:22]} 35. b4 {[%clk
0:25:09]} Qf7 {[%clk 0:25:34]} 36. h5 {[%clk 0:24:42]} Qf3 {[%clk 0:21:09]} 37.
Qxf3 {[%clk 0:20:41]} Rxf3 {[%clk 0:21:26]} 38. Kd2 {[%clk 0:20:49]} Kg8 {[%clk
0:21:37]} 39. h6 {[%clk 0:20:18]} Rg3 {[%clk 0:20:52]} 40. Rh4 {[%clk 0:18:46]}
Rxg5 {[%clk 0:19:24]} 41. a3 {[%clk 0:17:20]} Rg2+ {[%clk 0:18:15]} 42. Kc3
{[%clk 0:17:45]} g5 {[%clk 0:18:26]} 43. Rxe4 {[%clk 0:17:59]} Kf7 {[%clk
0:18:24]} 44. Re5 {[%clk 0:17:49]} g4 {[%clk 0:15:56]} 45. Rg5 {[%clk 0:18:02]}
g3 {[%clk 0:15:25]} 46. Rg7+ {[%clk 0:18:23]} Kf6 {[%clk 0:12:21]} 47. e4 {[%clk
0:18:12]} Rg1 {[%clk 0:11:28]} 48. e5+ {[%clk 0:18:21]} Ke6 {[%clk 0:11:34]} 49.
Kb2 {[%clk 0:17:43]} g2 {[%clk 0:10:17]} 50. Ka2 {[%clk 0:16:48]} b6 {[%clk
0:08:33]} 51. Kb2 {[%clk 0:17:05]} a6 {[%clk 0:08:02]} 52. a4 {[%clk 0:17:02]}
Rh1 {[%clk 0:07:23]} 53. Rxg2 {[%clk 0:17:25]} Rxh6 {[%clk 0:07:50]} 54. Rg3
{[%clk 0:17:01]} Kd5 {[%clk 0:08:03]} 55. Kc3 {[%clk 0:17:28]} Rh4 {[%clk
0:07:41]} 56. Rg7 {[%clk 0:12:23]} Rh3+ {[%clk 0:04:58]} 57. Kd2 {[%clk 0:12:18]}
Kxd4 {[%clk 0:03:07]} 58. e6 {[%clk 0:12:42]} Rd3+ {[%clk 0:03:29]} 59. Kc2
{[%clk 0:12:53]} Re3 {[%clk 0:03:35]} 60. Rxh7 {[%clk 0:08:11]} Rxe6 {[%clk
0:04:02]} 61. Rh4+ {[%clk 0:08:32]} Kd5 {[%clk 0:02:09]} 62. Rh3 {[%clk 0:08:08]}
c5 {[%clk 0:02:25]} 63. Kc3 {[%clk 0:06:54]} cxb4+ {[%clk 0:02:50]} 64. Kxb4
{[%clk 0:07:21]} Re4+ {[%clk 0:03:02]} 65. Kb3 {[%clk 0:07:33]} a5 {[%clk
0:03:08]} 66. Rh6 {[%clk 0:06:29]} Re3+ {[%clk 0:03:24]} 67. Kb2 {[%clk 0:06:38]}
Kc5 {[%clk 0:03:32]} 68. Rh5+ {[%clk 0:06:40]} 1/2-1/2

[Event "7th Arber Senior Cup"]
[Site "chess24.com"]
[Date "2019.08.03"]
[Round "8"]
[White "Schmid, Johann"]
[Black "Gaedt, Mario"]
[Result "1/2-1/2"]
[Board "25"]
[WhiteElo "1842"]
[WhiteCountry "GER"]
[WhiteFideId "24643807"]
[WhiteEloChange "-8"]
[BlackElo "1502"]
[BlackCountry "GER"]
[BlackFideId "12970352"]
[BlackEloChange "8"]

1. d4 {[%clk 2:10:53]} Nf6 {[%clk 2:10:44]} 2. Nf3 {[%clk 2:11:07]} g6 {[%clk
2:10:54]} 3. Bf4 {[%clk 2:11:20]} Bg7 {[%clk 2:10:58]} 4. e3 {[%clk 2:11:28]} O-O
{[%clk 2:10:58]} 5. Be2 {[%clk 2:11:19]} Re8 {[%clk 2:10:28]} 6. h3 {[%clk
2:11:29]} d6 {[%clk 2:10:12]} 7. O-O {[%clk 2:11:30]} c5 {[%clk 2:10:04]} 8. c3
{[%clk 2:11:18]} b6 {[%clk 2:08:43]} 9. Nbd2 {[%clk 2:10:38]} Bb7 {[%clk
2:07:17]} 10. Bh2 {[%clk 2:09:34]} Nbd7 {[%clk 2:06:43]} 11. Qc2 {[%clk 2:03:46]}
Rc8 {[%clk 2:06:54]} 12. Rad1 {[%clk 2:02:12]} Qc7 {[%clk 2:05:14]} 13. a3 {[%clk
1:55:47]} Qb8 {[%clk 2:05:01]} 14. Qb3 {[%clk 1:55:01]} Qa8 {[%clk 1:59:55]} 15.
Ng5 {[%clk 1:47:37]} d5 {[%clk 1:54:22]} 16. Rfe1 {[%clk 1:36:30]} e6 {[%clk
1:53:39]} 17. Bf1 {[%clk 1:33:43]} cxd4 {[%clk 1:50:24]} 18. exd4 {[%clk
1:33:28]} Nf8 {[%clk 1:43:59]} 19. Ngf3 {[%clk 1:31:57]} N8d7 {[%clk 1:39:09]}
20. Ne5 {[%clk 1:31:50]} Re7 {[%clk 1:35:38]} 21. Ndf3 {[%clk 1:30:03]} Ne4
{[%clk 1:33:49]} 22. Qc2 {[%clk 1:26:16]} a6 {[%clk 1:31:24]} 23. Bd3 {[%clk
1:20:25]} Nef6 {[%clk 1:26:16]} 24. Qe2 {[%clk 1:17:46]} Nf8 {[%clk 1:23:58]} 25.
Ng5 {[%clk 1:16:29]} b5 {[%clk 1:17:52]} 26. Qf3 {[%clk 1:14:04]} h6 {[%clk
1:16:26]} 27. Ngxf7 {[%clk 1:03:45]} Rxf7 {[%clk 1:16:22]} 28. Nxf7 {[%clk
1:02:42]} Kxf7 {[%clk 1:16:27]} 29. h4 {[%clk 1:02:28]} Re8 {[%clk 1:14:51]} 30.
g4 {[%clk 1:02:48]} Kg8 {[%clk 1:14:10]} 31. g5 {[%clk 0:58:17]} hxg5 {[%clk
1:10:07]} 32. hxg5 {[%clk 0:58:32]} N6h7 {[%clk 1:10:05]} 1/2-1/2

[Event "7th Arber Senior Cup"]
[Site "chess24.com"]
[Date "2019.08.03"]
[Round "8"]
[White "Sagner, Guenter"]
[Black "Boldt, Heinrich"]
[Result "0-1"]
[Board "28"]
[WhiteElo "1696"]
[WhiteTeam "SC Bayerwald"]
[WhiteCountry "GER"]
[WhiteFideId "12973629"]
[WhiteEloChange "-7"]
[BlackElo "1803"]
[BlackTeam "TSV Kareth-Lappersdorf"]
[BlackCountry "GER"]
[BlackFideId "4644220"]
[BlackEloChange "7"]

1. d4 {[%clk 2:10:30]} d5 {[%clk 2:10:30]} 2. c4 {[%clk 2:10:30]} c6 {[%clk
2:10:30]} 3. Nc3 {[%clk 2:10:30]} Nf6 {[%clk 2:10:30]} 4. Bg5 {[%clk 2:10:30]}
dxc4 {[%clk 2:10:30]} 5. e4 {[%clk 2:10:30]} e6 {[%clk 2:10:30]} 6. e5 {[%clk
2:10:30]} Qa5 {[%clk 2:10:30]} 7. Bd2 {[%clk 2:10:30]} Nd5 {[%clk 2:10:30]} 8.
Bxc4 {[%clk 2:10:30]} Bb4 {[%clk 2:10:30]} 9. Bxd5 {[%clk 2:10:30]} cxd5 {[%clk
2:10:30]} 10. a3 {[%clk 2:10:30]} Be7 {[%clk 2:10:30]} 11. b4 {[%clk 2:10:30]}
Qb6 {[%clk 2:10:30]} 12. Nge2 {[%clk 2:10:30]} Bd7 {[%clk 2:10:30]} 13. O-O
{[%clk 2:10:30]} O-O {[%clk 2:10:30]} 14. Na4 {[%clk 2:10:30]} Bxa4 {[%clk
2:10:30]} 15. Qxa4 {[%clk 2:10:30]} a6 {[%clk 2:10:30]} 16. Rac1 {[%clk 2:10:30]}
Nc6 {[%clk 2:10:30]} 17. Be3 {[%clk 2:10:30]} Rac8 {[%clk 2:10:30]} 18. f4 {[%clk
2:10:30]} f5 {[%clk 2:10:30]} 19. Kh1 {[%clk 2:10:30]} a5 {[%clk 2:10:30]} 20. b5
{[%clk 2:10:30]} Na7 {[%clk 2:10:30]} 21. Nc3 {[%clk 2:10:30]} Rc4 {[%clk
2:10:30]} 22. Qb3 {[%clk 2:10:30]} Rfc8 {[%clk 2:10:30]} 23. a4 {[%clk 2:10:30]}
Nc6 {[%clk 2:10:30]} 24. Ne2 {[%clk 2:10:30]} Nb4 {[%clk 2:10:30]} 25. Rc3 {[%clk
2:10:30]} Rxc3 {[%clk 2:10:30]} 26. Nxc3 {[%clk 2:10:30]} Rc4 {[%clk 2:10:30]}
27. Rc1 {[%clk 2:10:30]} Qc7 {[%clk 2:10:30]} 28. Ne2 {[%clk 2:10:30]} Rxc1+
{[%clk 2:10:30]} 29. Bxc1 {[%clk 2:10:30]} Nc2 {[%clk 2:10:30]} 30. Bd2 {[%clk
2:10:30]} b6 {[%clk 2:10:30]} 31. Qc3 {[%clk 2:10:30]} Qxc3 {[%clk 2:10:30]} 32.
Bxc3 {[%clk 2:10:30]} Bb4 {[%clk 2:10:30]} 33. Bxb4 {[%clk 2:10:30]} Nxb4 {[%clk
2:10:30]} 34. Kg1 {[%clk 2:10:30]} Kf7 {[%clk 2:10:30]} 35. Kf2 {[%clk 2:10:30]}
h6 {[%clk 2:10:30]} 36. h4 {[%clk 2:10:30]} Kg6 {[%clk 2:10:30]} 37. Ng3 {[%clk
2:10:30]} Nd3+ {[%clk 2:10:30]} 38. Ke3 {[%clk 2:10:30]} Nb2 {[%clk 2:10:30]} 0-1

[Event "7th Arber Senior Cup"]
[Site "chess24.com"]
[Date "2019.08.03"]
[Round "8"]
[White "Schuster, Herbert"]
[Black "Gottwald, Helmut"]
[Result "1-0"]
[Board "29"]
[WhiteElo "1774"]
[WhiteTeam "SK Landshut"]
[WhiteCountry "GER"]
[WhiteFideId "24612464"]
[WhiteEloChange "5"]
[BlackElo "1579"]
[BlackTeam "vereinslos"]
[BlackCountry "GER"]
[BlackFideId "24631264"]
[BlackEloChange "-5"]

1. e4 {[%clk 2:10:30]} e6 {[%clk 2:10:30]} 2. d4 {[%clk 2:10:30]} d5 {[%clk
2:10:30]} 3. e5 {[%clk 2:10:30]} c5 {[%clk 2:10:30]} 4. Bb5+ {[%clk 2:10:30]} Nc6
{[%clk 2:10:30]} 5. Bxc6+ {[%clk 2:10:30]} bxc6 {[%clk 2:10:30]} 6. Ne2 {[%clk
2:10:30]} cxd4 {[%clk 2:10:30]} 7. Nxd4 {[%clk 2:10:30]} c5 {[%clk 2:10:30]} 8.
Ne2 {[%clk 2:10:30]} g6 {[%clk 2:10:30]} 9. O-O {[%clk 2:10:30]} Bh6 {[%clk
2:10:30]} 10. Bxh6 {[%clk 2:10:30]} Nxh6 {[%clk 2:10:30]} 11. Ng3 {[%clk
2:10:30]} Ba6 {[%clk 2:10:30]} 12. Re1 {[%clk 2:10:30]} Rb8 {[%clk 2:10:30]} 13.
b3 {[%clk 2:10:30]} Qg5 {[%clk 2:10:30]} 14. Qd2 {[%clk 2:10:30]} Qxd2 {[%clk
2:10:30]} 15. Nxd2 {[%clk 2:10:30]} O-O {[%clk 2:10:30]} 16. h3 {[%clk 2:10:30]}
Rfc8 {[%clk 2:10:30]} 17. a3 {[%clk 2:10:30]} c4 {[%clk 2:10:30]} 18. b4 {[%clk
2:10:30]} Rc7 {[%clk 2:10:30]} 19. c3 {[%clk 2:10:30]} Bc8 {[%clk 2:10:30]} 20.
Nf3 {[%clk 2:10:30]} Bd7 {[%clk 2:10:30]} 21. a4 {[%clk 2:10:30]} a6 {[%clk
2:10:30]} 22. Nd4 {[%clk 2:10:30]} Kg7 {[%clk 2:10:30]} 23. f3 {[%clk 2:10:30]}
Ng8 {[%clk 2:10:30]} 24. h4 {[%clk 2:10:30]} Ne7 {[%clk 2:10:30]} 25. Nge2 {[%clk
2:10:30]} Nc6 {[%clk 2:10:30]} 26. Nxc6 {[%clk 2:10:30]} Bxc6 {[%clk 2:10:30]}
27. Nd4 {[%clk 2:10:30]} Bd7 {[%clk 2:10:30]} 28. Kf2 {[%clk 2:10:30]} Rcb7
{[%clk 2:10:30]} 29. Ke3 {[%clk 2:10:30]} Rf8 {[%clk 2:10:30]} 30. g4 {[%clk
2:10:30]} h6 {[%clk 2:10:30]} 31. f4 {[%clk 2:10:30]} Rbb8 {[%clk 2:10:30]} 32.
Reb1 {[%clk 2:10:30]} Ra8 {[%clk 2:10:30]} 33. b5 {[%clk 2:10:30]} axb5 {[%clk
2:10:30]} 34. axb5 {[%clk 2:10:30]} Rxa1 {[%clk 2:10:30]} 35. Rxa1 {[%clk
2:10:30]} Rb8 {[%clk 2:10:30]} 36. Ra7 {[%clk 2:10:30]} Be8 {[%clk 2:10:30]} 37.
Nxe6+ {[%clk 2:10:30]} Kg8 {[%clk 2:10:30]} 38. Nc7 {[%clk 2:10:30]} Bxb5 {[%clk
2:10:30]} 39. Nxb5 {[%clk 2:10:30]} Rxb5 {[%clk 2:10:30]} 40. Kd4 {[%clk
2:10:30]} Rb1 {[%clk 2:10:30]} 41. Kxd5 {[%clk 2:10:30]} Rf1 {[%clk 2:10:30]} 42.
Rc7 {[%clk 2:10:30]} Rxf4 {[%clk 2:10:30]} 43. Rxc4 {[%clk 2:10:30]} Rf1 {[%clk
2:10:30]} 44. Re4 {[%clk 2:10:30]} f5 {[%clk 2:10:30]} 45. exf6 {[%clk 2:10:30]}
Rxf6 {[%clk 2:10:30]} 46. c4 {[%clk 2:10:30]} Rf1 {[%clk 2:10:30]} 47. c5 {[%clk
2:10:30]} Kf7 {[%clk 2:10:30]} 48. c6 {[%clk 2:10:30]} Rc1 {[%clk 2:10:30]} 49.
Kd6 {[%clk 2:10:30]} Rd1+ {[%clk 2:10:30]} 50. Kc7 {[%clk 2:10:30]} Rh1 {[%clk
2:10:30]} 51. g5 {[%clk 2:10:30]} hxg5 {[%clk 2:10:30]} 52. hxg5 {[%clk 2:10:30]}
Rd1 {[%clk 2:10:30]} 53. Re5 {[%clk 2:10:30]} Rd2 {[%clk 2:10:30]} 54. Kc8 {[%clk
2:10:30]} Rd1 {[%clk 2:10:30]} 55. c7 {[%clk 2:10:30]} Rd2 {[%clk 2:10:30]} 56.
Rb5 {[%clk 2:10:30]} Ke7 {[%clk 2:10:30]} 57. Kb8 {[%clk 2:10:30]} 1-0

[Event "7th Arber Senior Cup"]
[Site "chess24.com"]
[Date "2019.08.03"]
[Round "8"]
[White "Riha, Peter"]
[Black "Pisz, Bretislav"]
[Result "1-0"]
[Board "30"]
[WhiteElo "1720"]
[WhiteTeam "Schleswiger SV"]
[WhiteCountry "GER"]
[WhiteFideId "24627399"]
[WhiteEloChange "7"]
[BlackElo "1599"]
[BlackTeam "TSCHECHIEN"]
[BlackCountry "CZE"]
[BlackFideId "341398"]
[BlackEloChange "-7"]

1. d4 {[%clk 2:10:30]} f5 {[%clk 2:10:30]} 2. Bf4 {[%clk 2:10:30]} d5 {[%clk
2:10:30]} 3. e3 {[%clk 2:10:30]} Nf6 {[%clk 2:10:30]} 4. c4 {[%clk 2:10:30]} e6
{[%clk 2:10:30]} 5. Nc3 {[%clk 2:10:30]} Bd6 {[%clk 2:10:30]} 6. Nf3 {[%clk
2:10:30]} Bxf4 {[%clk 2:10:30]} 7. exf4 {[%clk 2:10:30]} O-O {[%clk 2:10:30]} 8.
Bd3 {[%clk 2:10:30]} b6 {[%clk 2:10:30]} 9. O-O {[%clk 2:10:30]} Bb7 {[%clk
2:10:30]} 10. Ne5 {[%clk 2:10:30]} Nc6 {[%clk 2:10:30]} 11. Nxc6 {[%clk 2:10:30]}
Bxc6 {[%clk 2:10:30]} 12. Re1 {[%clk 2:10:30]} dxc4 {[%clk 2:10:30]} 13. Bxc4
{[%clk 2:10:30]} Bd5 {[%clk 2:10:30]} 14. Qd3 {[%clk 2:10:30]} Qd6 {[%clk
2:10:30]} 15. g3 {[%clk 2:10:30]} c6 {[%clk 2:10:30]} 16. Re5 {[%clk 2:10:30]} b5
{[%clk 2:10:30]} 17. Bxd5 {[%clk 2:10:30]} Nxd5 {[%clk 2:10:30]} 18. Rae1 {[%clk
2:10:30]} Rf6 {[%clk 2:10:30]} 19. Qe2 {[%clk 2:10:30]} Kf7 {[%clk 2:10:30]} 20.
Nxd5 {[%clk 2:10:30]} cxd5 {[%clk 2:10:30]} 21. Qxb5 {[%clk 2:10:30]} Rb8 {[%clk
2:10:30]} 22. Qa5 {[%clk 2:10:30]} a6 {[%clk 2:10:30]} 23. b3 {[%clk 2:10:30]}
Rb5 {[%clk 2:10:30]} 24. Qc3 {[%clk 2:10:30]} Kg6 {[%clk 2:10:30]} 25. Rc1 {[%clk
2:10:30]} Rb8 {[%clk 2:10:30]} 26. Qc7 {[%clk 2:10:30]} Rd8 {[%clk 2:10:30]} 27.
Qxd6 {[%clk 2:10:30]} Rxd6 {[%clk 2:10:30]} 28. Re3 {[%clk 2:10:30]} Rf8 {[%clk
2:10:30]} 29. Rec3 {[%clk 2:10:30]} Kf6 {[%clk 2:10:30]} 30. Rc6 {[%clk 2:10:30]}
Rfd8 {[%clk 2:10:30]} 31. Kf1 {[%clk 2:10:30]} g5 {[%clk 2:10:30]} 32. fxg5+
{[%clk 2:10:30]} Kxg5 {[%clk 2:10:30]} 33. h3 {[%clk 2:10:30]} h5 {[%clk
2:10:30]} 34. h4+ {[%clk 2:10:30]} Kg4 {[%clk 2:10:30]} 35. Kg2 {[%clk 2:10:30]}
f4 {[%clk 2:10:30]} 36. f3+ {[%clk 2:10:30]} Kf5 {[%clk 2:10:30]} 37. Rxd6 {[%clk
2:10:30]} Rxd6 {[%clk 2:10:30]} 38. Rc7 {[%clk 2:10:30]} fxg3 {[%clk 2:10:30]}
39. Kxg3 {[%clk 2:10:30]} e5 {[%clk 2:10:30]} 40. dxe5 {[%clk 2:10:30]} Rg6+
{[%clk 2:10:30]} 41. Kf2 {[%clk 2:10:30]} Kxe5 {[%clk 2:10:30]} 42. Rh7 {[%clk
2:10:30]} Rd6 {[%clk 2:10:30]} 43. Rxh5+ {[%clk 2:10:30]} Kd4 {[%clk 2:10:30]}
44. Rg5 {[%clk 2:10:30]} Kc3 {[%clk 2:10:30]} 45. Ke1 {[%clk 2:10:30]} Kb2 {[%clk
2:10:30]} 46. Rg2+ {[%clk 2:10:30]} Kc3 {[%clk 2:10:30]} 47. h5 {[%clk 2:10:30]}
d4 {[%clk 2:10:30]} 48. Rg6 {[%clk 2:10:30]} Rd8 {[%clk 2:10:30]} 49. Rg2 {[%clk
2:10:30]} d3 {[%clk 2:10:30]} 50. h6 {[%clk 2:10:30]} d2+ {[%clk 2:10:30]} 51.
Kd1 {[%clk 2:10:30]} Rd6 {[%clk 2:10:30]} 52. Rh2 {[%clk 2:10:30]} Rd8 {[%clk
2:10:30]} 53. h7 {[%clk 2:10:30]} Rh8 {[%clk 2:10:30]} 54. f4 {[%clk 2:10:30]}
Kd4 {[%clk 2:10:30]} 55. f5 {[%clk 2:10:30]} Ke5 {[%clk 2:10:30]} 56. f6 {[%clk
2:10:30]} Kxf6 {[%clk 2:10:30]} 57. Kxd2 {[%clk 2:10:30]} Ke5 {[%clk 2:10:30]}
58. Kc3 {[%clk 2:10:30]} Kd5 {[%clk 2:10:30]} 59. Kb4 {[%clk 2:10:30]} Kc6 {[%clk
2:10:30]} 60. Ka5 {[%clk 2:10:30]} Kb7 {[%clk 2:10:30]} 61. Rh6 {[%clk 2:10:30]}
Kb8 {[%clk 2:10:30]} 62. Kxa6 {[%clk 2:10:30]} Ka8 {[%clk 2:10:30]} 63. Rg6
{[%clk 2:10:30]} 1-0

[Event "7th Arber Senior Cup"]
[Site "chess24.com"]
[Date "2019.08.03"]
[Round "8"]
[White "Riess, Michael"]
[Black "Barnowski, Roman"]
[Result "1/2-1/2"]
[Board "31"]
[WhiteElo "1686"]
[WhiteTeam "SC Ansbach"]
[WhiteCountry "GER"]
[WhiteFideId "16241770"]
[WhiteEloChange "-6"]
[BlackElo "1459"]
[BlackTeam "SW Nuernberg Sued"]
[BlackCountry "GER"]
[BlackFideId "16255240"]
[BlackEloChange "6"]

1. e4 {[%clk 2:10:30]} c5 {[%clk 2:10:30]} 2. Nf3 {[%clk 2:10:30]} Nc6 {[%clk
2:10:30]} 3. d4 {[%clk 2:10:30]} cxd4 {[%clk 2:10:30]} 4. Nxd4 {[%clk 2:10:30]}
g6 {[%clk 2:10:30]} 5. Nxc6 {[%clk 2:10:30]} bxc6 {[%clk 2:10:30]} 6. Be3 {[%clk
2:10:30]} Bg7 {[%clk 2:10:30]} 7. Bd4 {[%clk 2:10:30]} Nf6 {[%clk 2:10:30]} 8. c4
{[%clk 2:10:30]} d6 {[%clk 2:10:30]} 9. Bd3 {[%clk 2:10:30]} c5 {[%clk 2:10:30]}
10. Bc3 {[%clk 2:10:30]} O-O {[%clk 2:10:30]} 11. O-O {[%clk 2:10:30]} Bb7 {[%clk
2:10:30]} 12. Qc2 {[%clk 2:10:30]} Qd7 {[%clk 2:10:30]} 13. Nd2 {[%clk 2:10:30]}
Nh5 {[%clk 2:10:30]} 14. Bxg7 {[%clk 2:10:30]} Kxg7 {[%clk 2:10:30]} 15. h3
{[%clk 2:10:30]} Nf4 {[%clk 2:10:30]} 16. Nb3 {[%clk 2:10:30]} Rab8 {[%clk
2:10:30]} 17. Rad1 {[%clk 2:10:30]} Nxd3 {[%clk 2:10:30]} 18. Rxd3 {[%clk
2:10:30]} f5 {[%clk 2:10:30]} 19. Nxc5 {[%clk 2:10:30]} Qc8 {[%clk 2:10:30]} 20.
Nxb7 {[%clk 2:10:30]} Qxb7 {[%clk 2:10:30]} 21. Rb3 {[%clk 2:10:30]} Qxe4 {[%clk
2:10:30]} 22. Qxe4 {[%clk 2:10:30]} fxe4 {[%clk 2:10:30]} 23. Rxb8 {[%clk
2:10:30]} Rxb8 {[%clk 2:10:30]} 24. b3 {[%clk 2:10:30]} Kf6 {[%clk 2:10:30]} 25.
f3 {[%clk 2:10:30]} exf3 {[%clk 2:10:30]} 26. Rxf3+ {[%clk 2:10:30]} Kg7 {[%clk
2:10:30]} 27. Kf2 {[%clk 2:10:30]} a5 {[%clk 2:10:30]} 28. Ke3 {[%clk 2:10:30]}
a4 {[%clk 2:10:30]} 29. Kd4 {[%clk 2:10:30]} axb3 {[%clk 2:10:30]} 30. axb3
{[%clk 2:10:30]} e6 {[%clk 2:10:30]} 31. Kc3 {[%clk 2:10:30]} Rf8 {[%clk
2:10:30]} 32. Rxf8 {[%clk 2:10:30]} Kxf8 {[%clk 2:10:30]} 33. Kd4 {[%clk
2:10:30]} Ke7 {[%clk 2:10:30]} 34. b4 {[%clk 2:10:30]} Kd7 {[%clk 2:10:30]} 35.
b5 {[%clk 2:10:30]} g5 {[%clk 2:10:30]} 36. g4 {[%clk 2:10:30]} Kc7 {[%clk
2:10:30]} 37. c5 {[%clk 2:10:30]} d5 {[%clk 2:10:30]} 38. Ke5 {[%clk 2:10:30]}
Kd7 {[%clk 2:10:30]} 39. c6+ {[%clk 2:10:30]} Kc7 {[%clk 2:10:30]} 40. Kd4 {[%clk
2:10:30]} Kd6 {[%clk 2:10:30]} 41. Kd3 {[%clk 2:10:30]} 1/2-1/2

[Event "7th Arber Senior Cup"]
[Site "chess24.com"]
[Date "2019.08.03"]
[Round "8"]
[White "Cordts, Elof"]
[Black "Berger, Siegfried"]
[Result "0-1"]
[Board "32"]
[WhiteElo "1710"]
[WhiteTeam "SC Erlangen"]
[WhiteCountry "GER"]
[WhiteFideId "12987301"]
[WhiteEloChange "-14"]
[BlackElo "1548"]
[BlackTeam "SK Neuperlach"]
[BlackCountry "GER"]
[BlackFideId "12905828"]
[BlackEloChange "14"]

1. e4 {[%clk 2:10:30]} e5 {[%clk 2:10:30]} 2. Nf3 {[%clk 2:10:30]} Nf6 {[%clk
2:10:30]} 3. Bd3 {[%clk 2:10:30]} Nc6 {[%clk 2:10:30]} 4. c3 {[%clk 2:10:30]} Bc5
{[%clk 2:10:30]} 5. h3 {[%clk 2:10:30]} O-O {[%clk 2:10:30]} 6. Bc2 {[%clk
2:10:30]} b5 {[%clk 2:10:30]} 7. d3 {[%clk 2:10:30]} h6 {[%clk 2:10:30]} 8. Nbd2
{[%clk 2:10:30]} Bb6 {[%clk 2:10:30]} 9. Nf1 {[%clk 2:10:30]} d5 {[%clk 2:10:30]}
10. Qe2 {[%clk 2:10:30]} dxe4 {[%clk 2:10:30]} 11. dxe4 {[%clk 2:10:30]} a6
{[%clk 2:10:30]} 12. Ne3 {[%clk 2:10:30]} Re8 {[%clk 2:10:30]} 13. O-O {[%clk
2:10:30]} Bb7 {[%clk 2:10:30]} 14. Nf5 {[%clk 2:10:30]} Bc8 {[%clk 2:10:30]} 15.
N3h4 {[%clk 2:10:30]} Bxf5 {[%clk 2:10:30]} 16. Nxf5 {[%clk 2:10:30]} Ne7 {[%clk
2:10:30]} 17. Ng3 {[%clk 2:10:30]} c5 {[%clk 2:10:30]} 18. Qf3 {[%clk 2:10:30]}
Nh7 {[%clk 2:10:30]} 19. Rd1 {[%clk 2:10:30]} Qc7 {[%clk 2:10:30]} 20. Nf5 {[%clk
2:10:30]} Nxf5 {[%clk 2:10:30]} 21. Qxf5 {[%clk 2:10:30]} Re6 {[%clk 2:10:30]}
22. Qg4 {[%clk 2:10:30]} Kh8 {[%clk 2:10:30]} 23. Bd2 {[%clk 2:10:30]} Rg6 {[%clk
2:10:30]} 24. Qe2 {[%clk 2:10:30]} Ng5 {[%clk 2:10:30]} 25. Kh2 {[%clk 2:10:30]}
Re8 {[%clk 2:10:30]} 26. Be1 {[%clk 2:10:30]} Qc8 {[%clk 2:10:30]} 27. Rd3 {[%clk
2:10:30]} c4 {[%clk 2:10:30]} 28. Rd5 {[%clk 2:10:30]} Rc6 {[%clk 2:10:30]} 29.
Rad1 {[%clk 2:10:30]} Ne6 {[%clk 2:10:30]} 30. g3 {[%clk 2:10:30]} f6 {[%clk
2:10:30]} 31. Qd2 {[%clk 2:10:30]} Ng5 {[%clk 2:10:30]} 32. Qe2 {[%clk 2:10:30]}
Qxh3+ {[%clk 2:10:30]} 33. Kg1 {[%clk 2:10:30]} h5 {[%clk 2:10:30]} 34. Bd2
{[%clk 2:10:30]} Qxg3+ {[%clk 2:10:30]} 35. Kf1 {[%clk 2:10:30]} Qh3+ {[%clk
2:10:30]} 36. Ke1 {[%clk 2:10:30]} Nf3+ {[%clk 2:10:30]} 0-1

[Event "7th Arber Senior Cup"]
[Site "chess24.com"]
[Date "2019.08.03"]
[Round "8"]
[White "Glatz, Volker"]
[Black "Kurze, Volker"]
[Result "1-0"]
[Board "33"]
[WhiteElo "1515"]
[WhiteTeam "SC Bayerwald"]
[WhiteCountry "GER"]
[WhiteFideId "12973645"]
[WhiteEloChange "14"]
[BlackElo "1658"]
[BlackTeam "SC RT Altstadt Muenchen"]
[BlackCountry "GER"]
[BlackFideId "24694584"]
[BlackEloChange "-14"]

1. e4 {[%clk 2:10:30]} c5 {[%clk 2:10:30]} 2. Nf3 {[%clk 2:10:30]} g6 {[%clk
2:10:30]} 3. d4 {[%clk 2:10:30]} cxd4 {[%clk 2:10:30]} 4. Nxd4 {[%clk 2:10:30]}
Nc6 {[%clk 2:10:30]} 5. Bc4 {[%clk 2:10:30]} e6 {[%clk 2:10:30]} 6. O-O {[%clk
2:10:30]} Bg7 {[%clk 2:10:30]} 7. Nxc6 {[%clk 2:10:30]} bxc6 {[%clk 2:10:30]} 8.
Qd6 {[%clk 2:10:30]} Ne7 {[%clk 2:10:30]} 9. a4 {[%clk 2:10:30]} a5 {[%clk
2:10:30]} 10. Ra3 {[%clk 2:10:30]} Ba6 {[%clk 2:10:30]} 11. Bxa6 {[%clk 2:10:30]}
Rxa6 {[%clk 2:10:30]} 12. Rb3 {[%clk 2:10:30]} Rb6 {[%clk 2:10:30]} 13. Rxb6
{[%clk 2:10:30]} Qxb6 {[%clk 2:10:30]} 14. b3 {[%clk 2:10:30]} Nc8 {[%clk
2:10:30]} 15. Qd3 {[%clk 2:10:30]} O-O {[%clk 2:10:30]} 16. Rd1 {[%clk 2:10:30]}
d5 {[%clk 2:10:30]} 17. Be3 {[%clk 2:10:30]} Qc7 {[%clk 2:10:30]} 18. g3 {[%clk
2:10:30]} Ne7 {[%clk 2:10:30]} 19. Bc5 {[%clk 2:10:30]} Rb8 {[%clk 2:10:30]} 20.
Nd2 {[%clk 2:10:30]} dxe4 {[%clk 2:10:30]} 21. Nxe4 {[%clk 2:10:30]} Nd5 {[%clk
2:10:30]} 22. Bd6 {[%clk 2:10:30]} Qb7 {[%clk 2:10:30]} 23. Bxb8 {[%clk 2:10:30]}
Qxb8 {[%clk 2:10:30]} 24. c4 {[%clk 2:10:30]} f5 {[%clk 2:10:30]} 25. Nc5 {[%clk
2:10:30]} Qd6 {[%clk 2:10:30]} 26. Nb7 {[%clk 2:10:30]} Qb4 {[%clk 2:10:30]} 27.
cxd5 {[%clk 2:10:30]} Qxb7 {[%clk 2:10:30]} 28. dxe6 {[%clk 2:10:30]} Bf6 {[%clk
2:10:30]} 29. Qd7 {[%clk 2:10:30]} Qxd7 {[%clk 2:10:30]} 30. exd7 {[%clk
2:10:30]} Bd8 {[%clk 2:10:30]} 31. Re1 {[%clk 2:10:30]} Kf7 {[%clk 2:10:30]} 32.
Re8 {[%clk 2:10:30]} 1-0